Il migliore amico dell'uomo /
Saved in:
| Other Authors: | , , |
|---|---|
| Format: | |
| Language: | Italian |
| Published: |
[s.l.] :
R Video,
c1990
|
| Tags: |
No Tags, Be the first to tag this record!
|
MARC
| LEADER | 00000ngm a22000007i 4500 | ||
|---|---|---|---|
| 001 | IT\ICCU\UBO\1854367 | ||
| 003 | ItRI | ||
| 005 | 20260124182904.0 | ||
| 008 | 021014s1990 it |||||||||||||||k|||||c | ||
| 040 | |b ita | ||
| 041 | 7 | |a ita |2 ISO-639-2 | |
| 245 | 0 | 3 | |a Il migliore amico dell'uomo / |c di Gray Jolliffe ; testi di Gray Jolliffe e Peter Mayle ; diretto da Bob Godfrey. |
| 260 | |a [s.l.] : |b R Video, |c c1990 | ||
| 300 | |a 1 videocassetta (VHS) (ca. 90 min.) : |b col., son | ||
| 500 | |a Tit sul front.: Wicked Willie, the video | ||
| 500 | |a Prodotto da John Thompson and Jo Manuel | ||
| 500 | |a Descrizione basata sul contenitore. | ||
| 700 | 1 | |a Jolliffe, Gray |0 IT\ICCU\CFIV\062452 | |
| 700 | 1 | |a Mayle, Peter |0 IT\ICCU\CFIV\062453 | |
| 700 | 1 | |a Godfrey, Bob |0 IT\ICCU\UBOV\698112 | |
| 942 | |2 ddc |c VM |n 0 | ||
| 952 | |0 0 |1 0 |4 0 |6 VO_253_000000000000000 |7 0 |9 27598 |a BO |b BO |d 2026-01-24 |i 6458 |l 0 |o VO 253 |p BO6458 |r 2026-01-24 18:29:04 |w 2026-01-24 |x [Sebina 5] [1 videocassetta] |y VM |z 1 videocassetta | ||
| 999 | |c 23386 |d 23386 | ||